000 00563nam a2200217Ia 4500
003 OSt
005 20220928141402.0
006 a|||||r|||| 00| 0
007 ta
008 220927b |||||||| |||| 00| 0 eng d
024 _a14647
037 _cTextual
040 _aSDCL
_cSDCL
_beng
041 _2eng
_aeng
082 _aV1:19(zM)'N39, L7
100 _aFeatherstone Donald
_9499832
245 0 _aWargaming airborne operations
260 _c1977
942 _hV1:19(zM)'N39, L7
_cTEXL
_2CC
999 _c817056
_d817056